| 000 | 03355nam0a2200409 4500 | ||
|---|---|---|---|
| 001 | RU\NLR\BIBL_A\016228056 | ||
| 005 | 20240924142230.0 | ||
| 010 |
_a978-5-7205-1857-8 _9500 |
||
| 021 |
_aRU _bКН-П-22-077912 _9КН-П-22-6816 |
||
| 035 | _a(NLR Aleph) 016228056 | ||
| 035 | _a(RuMoRGB)011344895 | ||
| 090 |
_a12758764 _c12758764 |
||
| 100 | _a20221205d2022 k y0rusy50 ca | ||
| 101 | 0 | _arus | |
| 102 | _aRU | ||
| 105 | _ay z 000zy | ||
| 181 | 0 |
_ai _baxxe |
|
| 182 | 0 | _an | |
| 200 | 1 |
_aПравовое регулирование цифровых денег _dLegal regulation of digital money _eмонография _f[Брагинец А. Ю., Андреева Е. М., Абрамова Е. Н. и др.] _gпод редакцией Е. Н. Абрамовой _zeng |
|
| 203 |
_aТекст _bвизуальный _cнепосредственный |
||
| 210 |
_aМосква _cЮстицинформ _d2022 |
||
| 215 |
_a235 с. _d22 |
||
| 300 | _aАвт. указаны на с. 7 | ||
| 320 | _aБиблиогр.: с. 222-235 (117 назв.) | ||
| 330 | _aМонография подготовлена преподавателями юридического факультета Санкт-Петербургского государственного экономического университета. Комплексное и многостороннее исследование проблем и пробелов правового режима различных видов цифровых денег, его частно-правовых и публичных аспектов, осуществлено с учетом сформировавшейся мировой практики, юридической и экономической доктрины, опыта зарубежных стран и российской судебной практики. Использованный нормативный материал актуален по состоянию на 1 мая 2022 года. Монография рассчитана на студентов, аспирантов и преподавателей юридических и экономических факультетов, научных и практических работников, а также может быть полезна участникам правоотношений, объектом которых выступает криптовалюта или иные виды цифровых денег, и всем интересующимся вопросами правового регулирования цифровой экономики | ||
| 333 | _a16+ | ||
| 510 | 1 |
_aLegal regulation of digital money _zeng |
|
| 606 | 1 |
_aДеньги электронные _xПравовое регулирование _92393999 _3RU\NLR\AUTH\6601647711 |
|
| 686 | 1 | _aХ824.1 | |
| 686 | 1 | _aХ622.4 | |
| 701 | 1 |
_aБрагинец _bА. Ю. |
|
| 701 | 1 |
_7ca _8rus _aАндреева _bЕ. М. _cд-р юрид. наук _gЕлена Михайловна _941532 _3RU\NLR\AUTH\7758600 |
|
| 701 | 1 |
_7ca _8rus _aАбрамова _bЕ. Н. _cканд. юрид. наук _gЕлена Николаевна _954390 _3RU\NLR\AUTH\7771462 |
|
| 942 | _cBOOK | ||
| 980 | _aNB | ||